Probability in the engineering and informational sciences

Αποθηκεύτηκε σε:
Λεπτομέρειες βιβλιογραφικής εγγραφής
Μορφή: Περιοδική έκδοση
Γλώσσα:English
Δημοσίευση: New York : Cambridge University Press, c1987
Θέματα:
Ετικέτες: Προσθήκη ετικέτας
Δεν υπάρχουν, Καταχωρήστε ετικέτα πρώτοι!

MARC

LEADER 00000nas a2200000 i 4500
001 1/43144
008 031024c1987 us eng d
022 |a 02699648 
035 |l 10071296 
040 |a GR-MY-UA  |b gre  |e aacr 
041 0 |a eng 
082 0 |a 620.0042 
245 1 0 |a Probability in the engineering and informational sciences  |h [περιοδικό] 
260 |a New York :   |b Cambridge University Press,   |c c1987 
300 |a v.;  |c 23 cm. 
310 |a Quarterly 
650 0 0 |a Engineering  |x Statistical methods  |x Periodicals. 
650 0 0 |a Information science  |x Statistical methods  |x Periodicals. 
650 0 0 |a Probability  |x Periodicals. 
853 |a INST  |b SAMOS  |c SER 
901 |a BIBL3-2003-2 
922 |a 3ΕΛΗ  |b 2002  |c ΤΣΑΕ  |d ΚΑΟΥΦΜΑΝ